000 00638nam a22002417a 4500
003 UA-OsUOA
001 38430
007 ta
008 20060510b un ||||| |||| 00| 0 ukr d
100 _aПлатонов Ю. П.
090 _a159.922.4
_bП-37
942 _cBK
040 _aUA-OsUOA
_brus
_cUA-OsUOA
_dUA-OsUOA
245 _aОснови этнической психологии
_bУчебное пособие
300 _a452 с.
955 _a2
041 _arus
080 _a159.922.4
020 _a5-9268-0244-Х
260 _aСПб
_bРечь
_c2003
650 7 _a159.9 Психологія
_2UDC
999 _c324583
_d324583